000 00747nam a2200229Ia 4500
003 OSt
005 20220926012312.0
006 a|||||r|||| 00| 0
007 ta
008 220923b |||||||| |||| 00| 0 eng d
020 _a9780521664417
_c3737.0900000000001
037 _b5704, 08/03/2016, RAJKIRAN BOOK AGENCY
_cGeneral Book
040 _aRTL
_cRTL
_beng
041 _2eng
_aeng
082 _aX:77:(B), Q4
100 _aWOLFF Edward N
_9248434
245 0 _aProductivity convergencce
_b Theory and evidence
260 _aNew York
_bCambridge University Press
_c2014
300 _axi, 524p
_ccm.
942 _hX:77:(B), Q4
_cGB
_2CC
999 _c622443
_d622443